Score 0/100 Timer 10:00
8 Plays Today
Rank Name % Correct
1Mary
87.8%
6Elizabeth
82%
92Ann
81.9%
37Sarah
71.7%
3Anna
69.2%
34Catherine
67.3%
4Margaret
66.5%
65Katherine
65.9%
18Rose
60.4%
45Laura
57.8%
13Emma
57.4%
9Marie
56.7%
2Helen
56.5%
100Betty
54.5%
5Ruth
53.4%
28Martha
48.7%
14Alice
48.4%
17Grace
48.4%
27Dorothy
48.3%
46Julia
47.4%
11Annie
47.4%
82Ellen
46.8%
26Frances
46.8%
35Louise
45.1%
99Nancy
44.6%
61Lucy
43.3%
23Gertrude
41%
88Eleanor
40.2%
16Bertha
39.4%
47Josephine
39.3%
42Ella
39.2%
36Edith
38.2%
8Ethel
38%
91May
37.8%
Rank Name % Correct
70Evelyn
37.6%
39Esther
37.5%
93Kathryn
37.3%
33Eva
37%
7Florence
36.6%
10Lillian
36%
12Edna
35.5%
20Mildred
35.5%
56Beatrice
35.3%
83Nora
35.2%
74Virginia
34.7%
19Clara
34.5%
69Rosa
34.3%
51Ruby
33.9%
87Georgia
33.8%
31Irene
33.5%
81Daisy
33.3%
55Cora
32.5%
95Olive
32.3%
67Lucille
32.1%
30Ida
31.7%
79Dora
31.7%
24Pearl
31.5%
75Maggie
31.4%
71Pauline
31.2%
41Agnes
31.1%
25Mabel
30.5%
48Carrie
30.2%
54Mae
29.5%
53Jessie
29.4%
43Nellie
28.6%
15Bessie
28.6%
21Gladys
28.5%
29Hazel
27.8%
Rank Name % Correct
76Vera
27.8%
68Stella
27.5%
64Jennie
27.2%
22Minnie
27.1%
80Susie
26.4%
50Hattie
26.4%
73Thelma
26.3%
72Ada
25.8%
77Maude
25.3%
66Marion
24.9%
84Sadie
24.4%
96Bernice
24.4%
49Viola
24.2%
38Elsie
23.9%
40Lillie
23.4%
78Beulah
23.4%
98Sallie
23.4%
32Myrtle
23.3%
57Alma
22.6%
60Blanche
22.3%
52Lena
22.1%
44Mattie
21.4%
63Fannie
21.4%
58Willie
21%
94Nettie
19.8%
97Lottie
19.8%
90Della
19.3%
59Mamie
19.1%
86Marguerite
18.5%
89Effie
18.2%
62Lula
17.4%
85Leona
16.9%

You're not logged in!

Compare scores with friends on all Sporcle quizzes.
OR
Log In

Sporcle TV

Today on Sporcle TV


Watch our educational content, quiz creation guides, and fun videos on Sporcle TV.

Show Comments

Extras

Top Quizzes Today


Score Distribution

Paid Content

Your Account Isn't Verified!

In order to create a playlist on Sporcle, you need to verify the email address you used during registration. Go to your Sporcle Settings to finish the process.

Report this User

Report this user for behavior that violates our Community Guidelines.

Details: